<?xml version="1.0" encoding="UTF-8"?>
<record
    xmlns:xsi="http://www.w3.org/2001/XMLSchema-instance"
    xsi:schemaLocation="http://www.loc.gov/MARC21/slim http://www.loc.gov/standards/marcxml/schema/MARC21slim.xsd"
    xmlns="http://www.loc.gov/MARC21/slim">

  <leader>01958cam a2200397 i 4500</leader>
  <datafield tag="999" ind1=" " ind2=" ">
    <subfield code="c">7848</subfield>
    <subfield code="d">7848</subfield>
  </datafield>
  <controlfield tag="001">991060404649806706</controlfield>
  <controlfield tag="003">OSt</controlfield>
  <controlfield tag="005">20240123170524.0</controlfield>
  <controlfield tag="008">220330s2021    spca||  r     000 0 cat c</controlfield>
  <datafield tag="015" ind1=" " ind2=" ">
    <subfield code="a">LL2023</subfield>
    <subfield code="2">bnc</subfield>
  </datafield>
  <datafield tag="017" ind1=" " ind2=" ">
    <subfield code="a">DL T 148-2022</subfield>
    <subfield code="b">Biblioteca de Catalunya</subfield>
  </datafield>
  <datafield tag="020" ind1=" " ind2=" ">
    <subfield code="a">9788484249696</subfield>
  </datafield>
  <datafield tag="035" ind1=" " ind2=" ">
    <subfield code="a">(OCoLC)1331525771</subfield>
  </datafield>
  <datafield tag="040" ind1=" " ind2=" ">
    <subfield code="a">ES-TaURV</subfield>
    <subfield code="b">cat</subfield>
    <subfield code="e">rda</subfield>
    <subfield code="c">CDMR</subfield>
  </datafield>
  <datafield tag="043" ind1=" " ind2=" ">
    <subfield code="a">e-sp---</subfield>
    <subfield code="b">e-spcta</subfield>
    <subfield code="2">catmarc</subfield>
  </datafield>
  <datafield tag="080" ind1=" " ind2=" ">
    <subfield code="a">070</subfield>
    <subfield code="x">(460.23 Ta)</subfield>
    <subfield code="x">"1969/2019"</subfield>
    <subfield code="2">2004</subfield>
  </datafield>
  <datafield tag="080" ind1=" " ind2=" ">
    <subfield code="a">316.77</subfield>
    <subfield code="x">(460.23 Ta)</subfield>
    <subfield code="x">"1969/2019"</subfield>
    <subfield code="2">2004</subfield>
  </datafield>
  <datafield tag="080" ind1=" " ind2=" ">
    <subfield code="a">659.3</subfield>
    <subfield code="x">(460.23 Ta)</subfield>
    <subfield code="x">"1969/2019"</subfield>
    <subfield code="2">2004</subfield>
  </datafield>
  <datafield tag="100" ind1="1" ind2=" ">
    <subfield code="a">Arias, Josep Maria,</subfield>
  </datafield>
  <datafield tag="245" ind1="1" ind2="0">
    <subfield code="a">De l'Olivetti al teletreball :</subfield>
    <subfield code="b">mig segle de periodisme i comunicaci&#xF3; de proximitat al Camps de Tarragona, Terres de l'Ebre i Baix Pened&#xE8;s (1969-2019), i Covid-19 </subfield>
    <subfield code="c">/ Josep Maria Arias i Tom&#xE0;s Carot</subfield>
  </datafield>
  <datafield tag="260" ind1=" " ind2=" ">
    <subfield code="a">Tarragona </subfield>
    <subfield code="b">: Publicacions URV, </subfield>
    <subfield code="c">2021</subfield>
  </datafield>
  <datafield tag="300" ind1=" " ind2=" ">
    <subfield code="a">322 p&#xE0;gines :</subfield>
    <subfield code="b">il&#xB7;lustracions ;</subfield>
    <subfield code="c">24 cm</subfield>
  </datafield>
  <datafield tag="490" ind1="1" ind2=" ">
    <subfield code="a">Universitat Rovira i Virgili ;</subfield>
    <subfield code="v">106</subfield>
  </datafield>
  <datafield tag="504" ind1=" " ind2=" ">
    <subfield code="a">Bibliografia: p&#xE0;gines 317-322</subfield>
  </datafield>
  <datafield tag="508" ind1=" " ind2=" ">
    <subfield code="a">Salutacions: Joan Mareia Morros i Cuadras, Neus Bonet Bagant, Noem&#xED; Llaurad&#xF3; Sans, Josep Poblet Tous, Jordi Farr&#xE9; Coma, Bernat L&#xF3;pez</subfield>
  </datafield>
  <datafield tag="508" ind1=" " ind2=" ">
    <subfield code="a">Mirades personals: Berta Ramos Mart&#xED;nez, Jos&#xE9; Luis Villa Moreno, Josep Carles Rius i Bar&#xF3;, Josep M. Mart&#xED; i Mart&#xED;, Xavier Abell&#xF3; Tom&#xE0;s, Maria Arbon&#xE8;s i Arbon&#xE8;s, Carles Magran&#xE9; Unda, Marc Arias Gim&#xE9;nez</subfield>
  </datafield>
  <datafield tag="650" ind1=" " ind2="7">
    <subfield code="a">Periodisme</subfield>
    <subfield code="z">Tarragona (Catalunya : Prov&#xED;ncia)</subfield>
    <subfield code="x">Hist&#xF2;ria.</subfield>
    <subfield code="2">lemac</subfield>
  </datafield>
  <datafield tag="650" ind1=" " ind2="7">
    <subfield code="a">Comunicaci&#xF3;</subfield>
    <subfield code="z">Tarragona (Catalunya : Prov&#xED;ncia)</subfield>
    <subfield code="x">Hist&#xF2;ria.</subfield>
    <subfield code="2">lemac</subfield>
  </datafield>
  <datafield tag="650" ind1=" " ind2="7">
    <subfield code="a">Mitjans de comunicaci&#xF3; de massa</subfield>
    <subfield code="z">Tarragona (Catalunya : Prov&#xED;ncia)</subfield>
    <subfield code="x">Hist&#xF2;ria.</subfield>
    <subfield code="2">lemac</subfield>
  </datafield>
  <datafield tag="650" ind1=" " ind2="0">
    <subfield code="a">Premsa comarcal</subfield>
    <subfield code="z">Tarragona (Catalunya : Prov&#xED;ncia) </subfield>
    <subfield code="x">Hist&#xF2;ria</subfield>
    <subfield code="9">3717</subfield>
  </datafield>
  <datafield tag="700" ind1="1" ind2=" ">
    <subfield code="a">Carot Giner, Tom&#xE0;s,</subfield>
  </datafield>
  <datafield tag="830" ind1=" " ind2="0">
    <subfield code="a">Universitat Rovira i Virgili (Col&#xB7;lecci&#xF3;) ;</subfield>
    <subfield code="v">106</subfield>
  </datafield>
  <datafield tag="908" ind1=" " ind2=" ">
    <subfield code="a">URV</subfield>
    <subfield code="a">CLR</subfield>
    <subfield code="a">UAB</subfield>
    <subfield code="a">BC</subfield>
  </datafield>
  <datafield tag="940" ind1=" " ind2=" ">
    <subfield code="a">URV</subfield>
  </datafield>
  <datafield tag="942" ind1=" " ind2=" ">
    <subfield code="2">udc</subfield>
    <subfield code="c">MON</subfield>
  </datafield>
  <datafield tag="952" ind1=" " ind2=" ">
    <subfield code="0">0</subfield>
    <subfield code="1">0</subfield>
    <subfield code="4">0</subfield>
    <subfield code="7">0</subfield>
    <subfield code="a">CDMR</subfield>
    <subfield code="b">CDMR</subfield>
    <subfield code="d">2024-01-23</subfield>
    <subfield code="e">Donaci&#xF3;</subfield>
    <subfield code="g">24.00</subfield>
    <subfield code="l">0</subfield>
    <subfield code="o">Du 8/50</subfield>
    <subfield code="p">CDMR22050017</subfield>
    <subfield code="r">2024-01-23</subfield>
    <subfield code="w">2024-01-23</subfield>
    <subfield code="y">MON</subfield>
  </datafield>
</record>
